La naturaleza colonizada: Ecología política y minería en América Latina /

Kaydedildi:
Detaylı Bibliyografya
Yazar: Alimonda, Héctor (coordinador)
Materyal Türü: Bilinmiyor
Dil:Spanish
Baskı/Yayın Bilgisi: Argentina : CLACSO, Ediciones CICCUS
Seri Bilgileri:Colección Grupos de Trabajo
Konular:
Etiketler: Etiketle
Etiket eklenmemiş, İlk siz ekleyin!

MARC

LEADER 00000 a2200000 04500
001 44440
003
008 050703s2011 ag b spa d
040
020 |a 978-987-1543-84-7  
090 |a 1001  
100 |a Alimonda, Héctor,  |e coordinador  
245 |a La naturaleza colonizada:  |b Ecología política y minería en América Latina /   |c Héctor Alimonda, coordinador; Germán Palacios Castañeda; María Verónica Secreto, et.al.  
260 |a Argentina :   |b CLACSO, Ediciones CICCUS  
300 |a 331 páginas  
300 |b map.  
440 |a Colección Grupos de Trabajo  
600 |a Escobar, Arturo; Palacio Castañeda, Germán; Secreto María Verónica; Bunker, Stephen; Machado Aráoz, Horario; Svapa, Maristella; Tabra, Mario; Aste, Juan; Echave C., José de; Palacín Quispe, Miguel; Pérez, Margarita; Wagner, Lucrecia S.; Giraud, Marcelo; Romero, Pablo; Lamberth, María Julieta  
999 |c 17415  |d 17415